| 000 | 00684nam a2200217Ia 4500 | ||
|---|---|---|---|
| 999 |
_c36157 _d36157 |
||
| 003 | GCL | ||
| 005 | 20240530103019.0 | ||
| 008 | 140319s9999 xx 000 0 ara d | ||
| 040 |
_aGCL / _cGCL |
||
| 082 | 0 | 4 |
_a962.401 _bم ت |
| 100 | 1 | _aمحمد ابراهيم بكر | |
| 245 | 1 | 0 |
_aتاريخ السودان القديم / _cمحمد ابراهيم بكر |
| 260 |
_a[S.N] : _bمكتبة الانجلوالمصرية ، _c1971 |
||
| 300 | _a222 ص | ||
| 650 | 0 | 4 | _aالسودان |
| 650 | 0 | 4 | _aمملكة النوبة المسيحية |
| 650 | 0 | 4 | _aالتاريخ العربى |
| 650 | 0 | 4 | _aوادى النيل |
| 650 | 0 | 4 | _aالسودان القديم |
| 942 |
_2ddc _cBK |
||